Elkab. die Barkenkapelle des Königs Sobekhotep III. in Elkab : Beiträge zur Bautätigkeit der 13. und 17. Dynastie an den Göttertempeln Ägyptens / VII,

محفوظ في:

المؤلف الرئيسي: Eder, Christian (مؤلف)

التنسيق: كتاب

اللغة: German

منشور في: Bruxelles : Musees Royaux d'Art et d'Histoire, 2002.

سلاسل: Publications du Comité des fouilles belges en Egypte.
ElKab ; 7.

الموضوعات:

الوسوم: إضافة وسم

لا توجد وسوم, كن أول من يضع وسما على هذه التسجيلة!

رقم الطلب: DT73 .E43 E44 v.7

LEADER 01051nam a22002777a 4500
003 OSt
005 20251209070434.0
008 251209t2002 be abe 000 0 ger d
020 |a 2503513131 (pbk.) 
040 |c ARCE Library 
043 |a f-ua--- 
050 1 4 |a DT73 .E43  |b E44 v.7 
100 1 |a Eder, Christian,  |e author 
245 1 4 |a Elkab.   |n VII,   |b die Barkenkapelle des Königs Sobekhotep III. in Elkab : Beiträge zur Bautätigkeit der 13. und 17. Dynastie an den Göttertempeln Ägyptens /   |c von Christian Eder. 
264 1 |a Bruxelles :   |b Musees Royaux d'Art et d'Histoire,   |c 2002. 
300 |a [ix], 266 pages :   |b illustrations, maps, plans ;   |c 28 cm. 
490 0 |a Publications du Comité des fouilles belges en Egypte. 
490 0 |a ElKab ;   |v 7. 
500 |a Originally presented as the author's thesis--Universität zu Köln, 1998. 
504 |a Includes bibliographical references. 
650 0 |a Temples  |z Egypt. 
651 0 |a Egypt  |x Antiquities. 
651 0 |a ElKab, Egypt. 
901 |a reviewed 
942 |c BK  |2 lcc 
999 |c 16579  |d 16579